[Event "Quebec-ch classe"]
[Site "Montreal CAN"]
[Date "2013.01.20"]
[Round "5.7"]
[White "Libersan, Thierry"]
[Black "Lopez Linares, Lizandro"]
[Result "1/2-1/2"]
[WhiteElo "2128"]
[BlackElo "2066"]
[PlyCount "44"]
[GameId "2160767909381985"]
[EventDate "2013.01.18"]
[EventType "swiss"]
[EventRounds "5"]
[EventCountry "CAN"]
[SourceTitle "EXT 2022"]
[Source "ChessBase"]
[SourceDate "2021.10.06"]
[SourceVersion "1"]
[SourceVersionDate "2021.10.06"]
[SourceQuality "1"]

1. e4 c6 2. d4 d5 3. e5 c5 4. dxc5 e6 5. Be3 Qc7 6. Nf3 Bxc5 7. Bxc5 Qxc5 8. Nbd2 Nc6 9. c3 f6 10. Nb3 Qb6 11. exf6 Nxf6 12. Be2 O-O 13. O-O e5 14. h3 Kh8 15. Qd2 Be6 16. Qg5 Ne4 17. Qe3 Ng3 18. Rfe1 Qxe3 19. fxe3 Nxe2+ 20. Rxe2 Bxh3 21. Nxe5 Nxe5 22. gxh3 Nc4 1/2-1/2

[Event "Quebec-ch classe"]
[Site "Montreal CAN"]
[Date "2013.01.20"]
[Round "5.8"]
[White "Gueorguiev, Valentin"]
[Black "Auger, Bertrand"]
[Result "0-1"]
[WhiteElo "1938"]
[BlackElo "1978"]
[PlyCount "138"]
[GameId "2160767909381986"]
[EventDate "2013.01.18"]
[EventType "swiss"]
[EventRounds "5"]
[EventCountry "CAN"]
[SourceTitle "EXT 2022"]
[Source "ChessBase"]
[SourceDate "2021.10.06"]
[SourceVersion "1"]
[SourceVersionDate "2021.10.06"]
[SourceQuality "1"]

1. d4 Nf6 2. g3 d5 3. Bg2 e6 4. Nf3 c5 5. O-O Nc6 6. c4 dxc4 7. Qa4 Bd7 8. Qxc4 Rc8 9. Bg5 cxd4 10. Nxd4 Nxd4 11. Qxd4 Bc5 12. Qh4 Qb6 13. Nc3 Bd4 14. e3 Be5 15. Rac1 O-O 16. Na4 Bxa4 17. Rxc8 Rxc8 18. Qxa4 h6 19. Bxf6 Bxf6 20. b3 Rd8 21. Qe4 Qa5 22. a4 b5 23. Bf3 bxa4 24. bxa4 Qe5 25. Qb7 Qc5 26. Rb1 Qc2 27. a5 g6 28. a6 Kg7 29. Kg2 Rd2 30. Rf1 Qc5 31. Kg1 Rb2 32. Qd7 h5 33. Be4 h4 34. Rd1 h3 35. Bf3 Qc2 36. Rf1 Qc5 37. Bg4 Qc4 38. Bxh3 Qxa6 39. Bg4 Qc4 40. Bd1 a5 41. h4 Rb5 42. Qa7 Bc3 43. Qd7 Rd5 44. Qa7 Bb4 45. Bf3 Rf5 46. Bg2 Bc3 47. Rc1 Qc5 48. Qa6 Qa3 49. Rf1 Qb4 50. Bc6 Rc5 51. Be8 Qc4 52. Qb6 Rc8 53. Bd7 Rc7 54. Rd1 Qc5 55. Qb8 Be5 56. Qe8 Bxg3 57. Rd4 Bxh4 58. Rf4 Bf6 59. Rg4 Qh5 60. Bxe6 Re7 61. Qa4 Rxe6 62. Kg2 Qd5+ 63. e4 Qh5 64. f3 Be5 65. Qxa5 Qh2+ 66. Kf1 Bg3 67. Qc5 Qh1+ 68. Ke2 Qg2+ 69. Ke3 Qf2+ 0-1

[Event "Quebec-ch classe U1400"]
[Site "Montreal CAN"]
[Date "2013.01.18"]
[Round "1"]
[White "Tsypin, Allison"]
[Black "Jacques, Simon"]
[Result "0-1"]
[WhiteElo "883"]
[BlackElo "1370"]
[PlyCount "116"]
[GameId "2160767909381987"]
[EventDate "2013.01.18"]
[EventType "swiss"]
[EventRounds "5"]
[EventCountry "CAN"]
[SourceTitle "hb 2013"]

1. d4 d5 2. c4 e5 3. dxe5 d4 4. Nf3 Nc6 5. g3 Bf5 6. Bf4 h6 7. Na3 Bb4+ 8. Bd2 Bxa3 9. bxa3 Nge7 10. Bb4 Ng6 11. Bg2 Bg4 12. O-O Bxf3 13. Bxf3 Ngxe5 14. Bd5 Nxb4 15. axb4 c6 16. Bg2 Nxc4 17. Qd3 Ne5 18. Qe4 Qd5 19. Qxd5 cxd5 20. Bxd5 O-O 21. Rfd1 Rfd8 22. Rxd4 Nc6 23. Rd2 Nxb4 24. Rad1 Nxd5 25. Rxd5 Rxd5 26. Rxd5 Kf8 27. Kg2 Ke7 28. Kf3 Rc8 29. Ke4 Rc2 30. Ke3 Rxa2 31. Re5+ Kd6 32. Re4 Ra5 33. Re8 Re5+ 34. Rxe5 Kxe5 35. f4+ Kd5 36. Kd3 f5 37. Kc3 Ke4 38. Kb4 Ke3 39. Kc4 Kxe2 40. Kd4 a5 41. Kc3 Kf3 42. Kd3 Kg2 43. Kc4 Kxh2 44. Kb5 b6 45. Ka4 Kxg3 46. Kb5 h5 47. Ka4 h4 48. Ka3 h3 49. Ka4 h2 50. Kb5 h1=Q 51. Kxb6 Qd5 52. Kc7 Kxf4 53. Kb6 Ke5 54. Kc7 Qd6+ 55. Kb7 Kd5 56. Kc8 Qe7 57. Kb8 Kc6 58. Ka8 Qb7# 0-1

[Event "Quebec-ch classe U1400"]
[Site "Montreal CAN"]
[Date "2013.01.20"]
[Round "4"]
[White "Couture, Francois"]
[Black "Raduica, Gheorghe"]
[Result "0-1"]
[WhiteElo "901"]
[BlackElo "1398"]
[PlyCount "66"]
[GameId "2160767909381988"]
[EventDate "2013.01.18"]
[EventType "swiss"]
[EventRounds "5"]
[EventCountry "CAN"]
[SourceTitle "hb 2013"]

1. d4 g6 2. Nf3 Bg7 3. c4 c6 4. a4 Nf6 5. Nc3 O-O 6. e4 d6 7. Bd3 Nbd7 8. O-O e5 9. d5 Re8 10. Re1 Nc5 11. b4 Nxd3 12. Qxd3 cxd5 13. cxd5 Bg4 14. Ba3 a6 15. Nd2 Nh5 16. h3 Nf4 17. Qe3 Bd7 18. Nc4 Bf8 19. Nb6 Rb8 20. Nxd7 Qxd7 21. Ne2 Nxe2+ 22. Qxe2 f5 23. f3 Qxa4 24. Rec1 Rec8 25. Qb2 Qb5 26. Rc3 Qd7 27. Rac1 Rxc3 28. Rxc3 Rc8 29. Qc2 Rxc3 30. Qxc3 Be7 31. Bc1 g5 32. Qe1 h6 33. g4 fxg4 0-1

[Event "Quebec-ch classe U1700"]
[Site "Montreal CAN"]
[Date "2013.01.20"]
[Round "4"]
[White "Saha, Ananda"]
[Black "Fiouzi, Chahin"]
[Result "1-0"]
[WhiteElo "1655"]
[BlackElo "1566"]
[PlyCount "69"]
[GameId "2160767909381989"]
[EventDate "2013.01.18"]
[EventType "swiss"]
[EventRounds "5"]
[EventCountry "CAN"]
[SourceTitle "hb 2013"]

1. d4 g6 2. c4 Bg7 3. e4 d6 4. Nc3 Nd7 5. Nf3 h6 6. Be2 a6 7. O-O b6 8. Bd2 Bb7 9. Qc2 g5 10. d5 Ngf6 11. Nd4 Rg8 12. Nf5 e6 13. Nxg7+ Rxg7 14. f4 Qe7 15. a4 e5 16. fxg5 hxg5 17. Rf5 Nh7 18. a5 g4 19. axb6 cxb6 20. Be3 Bc8 21. Qa4 f6 22. Qc6 Rb8 23. Bxb6 Kf7 24. Bc7 Rxb2 25. Bxd6 Qe8 26. c5 Kg8 27. Bxa6 Rb8 28. Bxb8 Bxa6 29. Rxa6 Nhf8 30. Bd6 g3 31. h3 Qg6 32. Bxf8 Nxf8 33. Qxf6 Kh7 34. Qxf8 Qxa6 35. Rh5+ 1-0

[Event "Quebec-ch classe U1700"]
[Site "Montreal CAN"]
[Date "2013.01.20"]
[Round "5"]
[White "Plante, Marc-Eric"]
[Black "Saha, Ananda"]
[Result "1/2-1/2"]
[WhiteElo "1676"]
[BlackElo "1655"]
[PlyCount "89"]
[GameId "2160767909381990"]
[EventDate "2013.01.18"]
[EventType "swiss"]
[EventRounds "5"]
[EventCountry "CAN"]
[SourceTitle "hb 2013"]

1. e4 e5 2. Nf3 Nc6 3. Bb5 Nf6 4. O-O d6 5. d4 exd4 6. Nxd4 Bd7 7. Nc3 Nxd4 8. Bxd7+ Nxd7 9. Qxd4 Qf6 10. Be3 Qxd4 11. Bxd4 O-O-O 12. Rfd1 Nb6 13. Bxb6 axb6 14. Nd5 g6 15. a4 Bg7 16. c3 Rhe8 17. f3 Re5 18. a5 bxa5 19. Rxa5 c6 20. Ra8+ Kd7 21. Nb6+ Kc7 22. Rxd8 Kxd8 23. Nc4 Re7 24. Nxd6 Kc7 25. Nc4 Rd7 26. Rxd7+ Kxd7 27. Kf2 b5 28. Ne3 Kd6 29. Ke2 Kc5 30. Kd3 h5 31. h3 Be5 32. g4 h4 33. Ng2 g5 34. Ne3 f6 35. Nf5 Kb6 36. Ne7 c5 37. b3 Kc7 38. c4 b4 39. Ng6 Kd6 40. Nh8 Ke7 41. Ng6+ Kd6 42. f4 Bxf4 43. Nxf4 gxf4 44. Ke2 Ke6 45. Kf2 1/2-1/2

[Event "Quebec-ch classe U2000"]
[Site "Montreal CAN"]
[Date "2013.01.18"]
[Round "1"]
[White "Gunapalan, David"]
[Black "Leung, Chin"]
[Result "1-0"]
[WhiteElo "1886"]
[BlackElo "1736"]
[PlyCount "111"]
[GameId "2160767909381991"]
[EventDate "2013.01.18"]
[EventType "swiss"]
[EventRounds "5"]
[EventCountry "CAN"]
[SourceTitle "hb 2013"]

1. e4 c5 2. Nc3 Nc6 3. f4 e6 4. Bb5 d5 5. e5 d4 6. Ne4 Bd7 7. Nf3 Nxe5 8. Bxd7+ Nxd7 9. d3 Ngf6 10. O-O Nxe4 11. dxe4 Be7 12. f5 exf5 13. exf5 O-O 14. Qe1 Bf6 15. g4 Qb6 16. g5 Rae8 17. Qg3 Be5 18. Nxe5 Nxe5 19. b3 c4 20. Ba3 cxb3 21. cxb3 d3+ 22. Qf2 Nf3+ 23. Kh1 Qxf2 24. Rxf2 d2 25. Rff1 Re1 26. Kg2 Rxf1 27. Kxf1 Re8 28. Bb4 Rc8 29. Rd1 Nxh2+ 30. Kg2 Ng4 31. Bxd2 Rd8 32. Kf3 Ne5+ 33. Ke4 Nc6 34. Ke3 Nb4 35. Rc1 Re8+ 36. Kf3 Nc6 37. b4 g6 38. f6 Nd4+ 39. Kg4 Rd8 40. Be3 Nc6 41. b5 Ne5+ 42. Kg3 a6 43. a4 Kf8 44. Rc7 axb5 45. axb5 Nd7 46. Rxb7 Ke8 47. b6 Rb8 48. Rxb8+ Nxb8 49. Bf4 Nc6 50. b7 Kd7 51. b8=Q Nxb8 52. Bxb8 Ke6 53. Kf4 Kd5 54. Ba7 Kd6 55. Ke4 Ke6 56. Bb8 1-0

[Event "Quebec-ch classe U2000"]
[Site "Montreal CAN"]
[Date "2013.01.18"]
[Round "1"]
[White "Martin, Carl"]
[Black "Sun, Mike"]
[Result "0-1"]
[WhiteElo "1955"]
[BlackElo "1801"]
[PlyCount "106"]
[GameId "2160767909381992"]
[EventDate "2013.01.18"]
[EventType "swiss"]
[EventRounds "5"]
[EventCountry "CAN"]
[SourceTitle "hb 2013"]

1. e4 c5 2. Nf3 d6 3. d4 cxd4 4. Nxd4 Nf6 5. Nc3 g6 6. Be3 Bg7 7. f3 Nbd7 8. Qd2 h5 9. O-O-O a6 10. Bc4 b5 11. Bb3 Bb7 12. h3 Rc8 13. g4 Nc5 14. Kb1 Nxb3 15. cxb3 b4 16. Na4 a5 17. g5 Nd7 18. Qe2 O-O 19. Rhf1 Ne5 20. Bg1 Nc6 21. f4 Nxd4 22. Bxd4 Bxd4 23. Rxd4 Bc6 24. f5 Bxa4 25. bxa4 Qd7 26. e5 Qc6 27. e6 Qxa4 28. exf7+ Rxf7 29. b3 Qd7 30. fxg6 Rxf1+ 31. Qxf1 Qe6 32. Qd3 Qe1+ 33. Qd1 Qxd1+ 34. Rxd1 Kg7 35. Rd5 Ra8 36. h4 Kxg6 37. Kc2 Ra6 38. Kd3 e6 39. Rb5 d5 40. Rb8 Kf5 41. Rh8 Kg4 42. g6 Ra7 43. Rh7 Ra8 44. Re7 Kf5 45. Kd4 Rg8 46. g7 Kf6 47. Ra7 Rxg7 48. Rxa5 Rg4+ 49. Kc5 Rxh4 50. Ra8 Rg4 51. a4 bxa3 52. Rxa3 Rg3 53. Ra8 Rxb3 0-1

[Event "Quebec-ch classe U2000"]
[Site "Montreal CAN"]
[Date "2013.01.18"]
[Round "1.11"]
[White "Heredia, Jose"]
[Black "Turcotte, Jonathan"]
[Result "1/2-1/2"]
[WhiteElo "1766"]
[BlackElo "1935"]
[PlyCount "55"]
[GameId "2160767909381993"]
[EventDate "2013.01.18"]
[EventType "swiss"]
[EventRounds "5"]
[EventCountry "CAN"]
[SourceTitle "EXT 2022"]
[Source "ChessBase"]
[SourceDate "2021.10.06"]
[SourceVersion "1"]
[SourceVersionDate "2021.10.06"]
[SourceQuality "1"]

1. e4 c6 2. d4 d5 3. exd5 cxd5 4. Bd3 Nc6 5. c3 Qc7 6. Ne2 Bg4 7. f3 Bd7 8. Bf4 e5 9. Bg3 Bd6 10. Na3 a6 11. Nc2 Nf6 12. dxe5 Nxe5 13. Bxe5 Bxe5 14. g3 O-O 15. Qd2 b5 16. O-O Rfe8 17. Rf2 a5 18. a3 Bd6 19. Ned4 Rab8 20. Re2 Rxe2 21. Qxe2 Qb6 22. Kg2 b4 23. axb4 axb4 24. Ra6 Qc7 25. Nb5 Bxb5 26. Bxb5 bxc3 27. bxc3 h5 28. Rc6 1/2-1/2

[Event "Quebec-ch classe U2000"]
[Site "Montreal CAN"]
[Date "2013.01.18"]
[Round "1.12"]
[White "Morissette, Jean-Sebastien"]
[Black "Pregent, Daniel"]
[Result "1-0"]
[WhiteElo "1896"]
[BlackElo "1764"]
[PlyCount "63"]
[GameId "2160767909381994"]
[EventDate "2013.01.18"]
[EventType "swiss"]
[EventRounds "5"]
[EventCountry "CAN"]
[SourceTitle "EXT 2022"]
[Source "ChessBase"]
[SourceDate "2021.10.06"]
[SourceVersion "1"]
[SourceVersionDate "2021.10.06"]
[SourceQuality "1"]

1. d4 Nf6 2. c4 e6 3. Nf3 b6 4. g3 Ba6 5. Qc2 Bb7 6. Bg2 Nc6 7. O-O Be7 8. Re1 O-O 9. a3 d5 10. cxd5 exd5 11. Nc3 Qd7 12. Bf4 Bd6 13. Bg5 Ne7 14. Bxf6 gxf6 15. e4 c6 16. Rad1 Rac8 17. e5 fxe5 18. dxe5 Bb8 19. Ne4 Qf5 20. Nf6+ Kg7 21. Qxf5 Nxf5 22. Bh3 Kg6 23. Nd7 Rfe8 24. Nd4 Nxd4 25. Rxd4 f5 26. Rf4 Rf8 27. Nxf8+ Rxf8 28. g4 Bc8 29. gxf5+ Kg5 30. Rg4+ Kh5 31. e6 Bd6 32. Rg7 1-0

[Event "Quebec-ch classe U2000"]
[Site "Montreal CAN"]
[Date "2013.01.18"]
[Round "1.13"]
[White "Ber, Alexandre"]
[Black "Alcantara, Maximo"]
[Result "0-1"]
[WhiteElo "1759"]
[BlackElo "1882"]
[PlyCount "52"]
[GameId "2160767909381995"]
[EventDate "2013.01.18"]
[EventType "swiss"]
[EventRounds "5"]
[EventCountry "CAN"]

1. d4 Nf6 2. c4 d6 3. Nc3 Nbd7 4. e4 e5 5. Be3 Be7 6. Bd3 b6 7. d5 a5 8. f3 Ba6 9. Nge2 Rc8 10. a3 c5 11. dxc6 Rxc6 12. Nb5 Nc5 13. Nec3 Nfd7 14. Bc2 Ne6 15. b3 Bxb5 16. Nxb5 Ndc5 17. Qd2 O-O 18. Rd1 Qd7 19. Qd5 Nc7 20. Nxc7 Qxc7 21. Bxc5 Rxc5 22. Qd3 b5 23. b4 axb4 24. axb4 Rxc4 25. Rc1 Rxb4 26. Bb3 Qxc1+ 0-1

[Event "Quebec-ch classe U2000"]
[Site "Montreal CAN"]
[Date "2013.01.18"]
[Round "1.14"]
[White "Bouchard, Jean-Marc"]
[Black "Albarao, Daniel"]
[Result "1-0"]
[WhiteElo "1857"]
[BlackElo "1751"]
[PlyCount "67"]
[GameId "2160767909381996"]
[EventDate "2013.01.18"]
[EventType "swiss"]
[EventRounds "5"]
[EventCountry "CAN"]
[SourceTitle "EXT 2022"]
[Source "ChessBase"]
[SourceDate "2021.10.06"]
[SourceVersion "1"]
[SourceVersionDate "2021.10.06"]
[SourceQuality "1"]

1. Nf3 Nf6 2. g3 e6 3. Bg2 Bc5 4. d4 Bb6 5. O-O c5 6. c4 d6 7. Nc3 cxd4 8. Nxd4 O-O 9. Ndb5 Na6 10. Qxd6 Nd7 11. Rd1 Bc5 12. Qd2 Qe7 13. Bxb7 Bxb7 14. Qxd7 Bxf2+ 15. Kxf2 Qc5+ 16. Be3 Qf5+ 17. Bf4 Nc5 18. Qd4 Qh5 19. h4 Bc6 20. Qe5 Qg4 21. Qxc5 e5 22. Qxc6 exf4 23. Qf3 fxg3+ 24. Qxg3 Qxc4 25. Rd4 Qc5 26. Rad1 Rae8 27. b4 Qb6 28. Qd6 Qb7 29. Qc7 Qa8 30. Qxa7 Qc6 31. Rd6 Qc8 32. Qd4 f5 33. Rd7 Rf6 34. Rd8 1-0

[Event "Quebec-ch classe U2000"]
[Site "Montreal CAN"]
[Date "2013.01.18"]
[Round "1.15"]
[White "Gilbert, Erick"]
[Black "Alcantara, Maximo jr"]
[Result "1-0"]
[WhiteElo "1737"]
[BlackElo "1813"]
[PlyCount "93"]
[GameId "2160767909381997"]
[EventDate "2013.01.18"]
[EventType "swiss"]
[EventRounds "5"]
[EventCountry "CAN"]

1. Nf3 c5 2. c4 d6 3. Nc3 Nf6 4. d4 cxd4 5. Nxd4 Nc6 6. Bg5 h6 7. Bh4 Qb6 8. Nb3 Bf5 9. Bxf6 gxf6 10. e4 Be6 11. Nd5 Bxd5 12. exd5 Ne5 13. Be2 Qb4+ 14. Qd2 Qxd2+ 15. Nxd2 Bg7 16. f4 Ng6 17. f5 Ne5 18. O-O O-O 19. Ne4 Rfc8 20. Rac1 Rc7 21. Rc3 Rac8 22. Rfc1 b6 23. b4 Ra8 24. c5 bxc5 25. bxc5 dxc5 26. Rxc5 Rb7 27. Rc8+ Rxc8 28. Rxc8+ Kh7 29. Rc2 Rb4 30. Ng3 Rd4 31. Rc5 Bf8 32. Ra5 Rd2 33. a4 Kg8 34. Kf1 Nd3 35. Ne4 Rxe2 36. Kxe2 Nf4+ 37. Kf3 Nd3 38. Rxa7 h5 39. Ra8 Kg7 40. a5 Ne5+ 41. Ke2 e6 42. dxe6 fxe6 43. Ra7+ Kh6 44. fxe6 f5 45. e7 Bxe7 46. Rxe7 Nc4 47. a6 1-0

[Event "Quebec-ch classe U2000"]
[Site "Montreal CAN"]
[Date "2013.01.19"]
[Round "2"]
[White "Albarao, Daniel"]
[Black "Martin, Carl"]
[Result "0-1"]
[WhiteElo "1751"]
[BlackElo "1955"]
[PlyCount "54"]
[GameId "2160767909381998"]
[EventDate "2013.01.18"]
[EventType "swiss"]
[EventRounds "5"]
[EventCountry "CAN"]
[SourceTitle "hb 2013"]

1. e4 c5 2. Nf3 d6 3. d4 cxd4 4. Nxd4 Nf6 5. Nc3 e6 6. Be3 a6 7. Be2 Be7 8. Qd2 Qc7 9. f4 b5 10. a3 Bb7 11. Bf3 Nc6 12. O-O-O Rc8 13. Qf2 Na5 14. Nxe6 fxe6 15. Bb6 Nb3+ 16. cxb3 Qb8 17. Rhe1 O-O 18. Kb1 Ba8 19. g4 Nd7 20. Be3 b4 21. Ba7 Qb7 22. Nd5 exd5 23. e5 dxe5 24. fxe5 Rxf3 25. Qxf3 Qxa7 26. Qf5 Kh8 27. Qe6 Re8 0-1

[Event "Quebec-ch classe U2000"]
[Site "Montreal CAN"]
[Date "2013.01.19"]
[Round "2"]
[White "Alcantara, Maximo"]
[Black "Mathews, Theo"]
[Result "1-0"]
[WhiteElo "1882"]
[BlackElo "1587"]
[PlyCount "85"]
[GameId "2160767909381999"]
[EventDate "2013.01.18"]
[EventType "swiss"]
[EventRounds "5"]
[EventCountry "CAN"]
[SourceTitle "hb 2013"]

1. d4 d5 2. c4 e6 3. Nc3 f5 4. e3 Nf6 5. b3 c6 6. Bd3 Bd6 7. c5 Bc7 8. a3 e5 9. Bb2 e4 10. Be2 f4 11. Bc1 fxe3 12. Bxe3 O-O 13. f4 b6 14. b4 bxc5 15. dxc5 a6 16. g3 Be6 17. h3 Nbd7 18. Bg4 Nxg4 19. hxg4 Nf6 20. g5 Ng4 21. Bd4 Qd7 22. Nh3 Bf5 23. Nf2 Nxf2 24. Kxf2 Bg4 25. Qc2 Qf5 26. Qd2 Qxg5 27. Ke3 Qf5 28. Raf1 Bf3 29. Rh4 Bd8 30. Qh2 Bxh4 31. gxh4 Rae8 32. Rg1 Rf7 33. Rg5 Qd7 34. h5 h6 35. Rg6 Kh7 36. Na4 Re6 37. Nb6 Qe8 38. f5 Ree7 39. Qh3 Re5 40. Qg3 Ree7 41. Rxh6+ Kg8 42. Qg6 Bxh5 43. Qh7+ 1-0

[Event "Quebec-ch classe U2000"]
[Site "Montreal CAN"]
[Date "2013.01.19"]
[Round "2"]
[White "Alcantara, Maximo jr"]
[Black "Ber, Alexandre"]
[Result "0-1"]
[WhiteElo "1813"]
[BlackElo "1759"]
[PlyCount "140"]
[GameId "2160767909382000"]
[EventDate "2013.01.18"]
[EventType "swiss"]
[EventRounds "5"]
[EventCountry "CAN"]
[SourceTitle "hb 2013"]

1. e4 e6 2. d4 d5 3. e5 c5 4. c3 Nc6 5. Nf3 Bd7 6. Bd3 a6 7. Ng5 g6 8. Bc2 cxd4 9. cxd4 Nb4 10. O-O Nxc2 11. Qxc2 Rc8 12. Nc3 Bb5 13. Rd1 Bb4 14. Qb3 Bxc3 15. bxc3 Qd7 16. a4 Bc4 17. Qb4 Ne7 18. Rb1 b5 19. axb5 Bxb5 20. Bd2 Nc6 21. Qa3 Nb8 22. Rdc1 Rc4 23. h3 Ra4 24. Qc5 Rc4 25. Qb6 O-O 26. Rb4 Nc6 27. Rxc4 Bxc4 28. Nf3 Rb8 29. Qc5 Rb5 30. Qa3 Ra5 31. Qd6 Qxd6 32. exd6 f6 33. Rb1 Rb5 34. Rxb5 Bxb5 35. Ne1 Na5 36. Nc2 Nc4 37. Bf4 Kf7 38. Ne3 Nb6 39. Nc2 Na4 40. Bd2 Ke8 41. Na3 Bd3 42. f3 Kd7 43. Kf2 Kxd6 44. Ke3 Bc4 45. Nxc4+ dxc4 46. g4 Kd5 47. h4 Nb2 48. Bc1 Nd3 49. Ba3 e5 50. dxe5 Nxe5 51. h5 Nc6 52. hxg6 hxg6 53. Kf4 a5 54. Ke3 a4 55. Kd2 Na7 56. Be7 Ke6 57. Bd8 Nb5 58. f4 f5 59. gxf5+ Kxf5 60. Bg5 Nc7 61. Kc2 Nd5 62. Kb2 Nxf4 63. Bd8 g5 64. Ka3 g4 65. Bh4 Ke4 66. Kxa4 Kd3 67. Be1 Nd5 68. Ka3 Nxc3 69. Kb2 Ne2 70. Kb1 c3 0-1

[Event "Quebec-ch classe U2000"]
[Site "Montreal CAN"]
[Date "2013.01.19"]
[Round "2"]
[White "Bouchard, Jean-Marc"]
[Black "Morissette, Jean-Sebastien"]
[Result "1-0"]
[WhiteElo "1857"]
[BlackElo "1896"]
[PlyCount "119"]
[GameId "2160767909382001"]
[EventDate "2013.01.18"]
[EventType "swiss"]
[EventRounds "5"]
[EventCountry "CAN"]
[SourceTitle "EXT 2022"]
[Source "ChessBase"]
[SourceDate "2021.10.06"]
[SourceVersion "1"]
[SourceVersionDate "2021.10.06"]
[SourceQuality "1"]

1. Nf3 d5 2. g3 c5 3. Bg2 g6 4. d4 cxd4 5. Qxd4 Nf6 6. Ne5 Bg7 7. Nc3 O-O 8. Qh4 Nc6 9. Nxc6 bxc6 10. Bh6 Rb8 11. Bxg7 Kxg7 12. Nd1 Qd6 13. O-O h6 14. Qd4 c5 15. Qd2 Rd8 16. b3 Ne4 17. Bxe4 dxe4 18. Qxd6 exd6 19. c4 d5 20. cxd5 Bb7 21. Ne3 Bxd5 22. Rac1 Be6 23. Rxc5 Rd2 24. Rc2 Rbd8 25. Rfc1 h5 26. Kf1 g5 27. Rxd2 Rxd2 28. Rc2 Rd4 29. Ke1 a5 30. Rd2 Rb4 31. Nc2 Rb6 32. e3 a4 33. Nd4 Bg4 34. Rc2 h4 35. Rc5 f6 36. gxh4 gxh4 37. h3 axb3 38. axb3 Bxh3 39. Rh5 Be6 40. b4 h3 41. Nxe6+ Rxe6 42. Kd2 Rc6 43. Rxh3 Rc4 44. b5 Kg6 45. Rh8 Kf5 46. b6 Rb4 47. Rb8 Ke6 48. Kc3 Rb1 49. b7 Kd7 50. Rf8 Rxb7 51. Rf7+ Kc6 52. Rxb7 Kxb7 53. Kd4 Kc6 54. Kxe4 Kd6 55. Kf5 Ke7 56. Kg6 Ke6 57. e4 Ke7 58. f4 Ke6 59. f5+ Ke5 60. Kf7 1-0

[Event "Quebec-ch classe U2000"]
[Site "Montreal CAN"]
[Date "2013.01.19"]
[Round "2"]
[White "Giroux, Robert"]
[Black "Duplessis, Jean-Roch"]
[Result "1-0"]
[WhiteElo "1830"]
[BlackElo "1718"]
[PlyCount "85"]
[GameId "2160767909382002"]
[EventDate "2013.01.18"]
[EventType "swiss"]
[EventRounds "5"]
[EventCountry "CAN"]
[SourceTitle "hb 2013"]

1. d4 Nf6 2. Nf3 g6 3. Nc3 d5 4. Bf4 c6 5. e3 Bg7 6. h3 O-O 7. Be2 Nbd7 8. O-O Re8 9. Ne5 Nxe5 10. Bxe5 Nd7 11. Bxg7 Kxg7 12. e4 dxe4 13. Nxe4 Nf6 14. Nxf6 Kxf6 15. Qd2 Kg7 16. Qc3 e6 17. d5+ Qf6 18. Qxf6+ Kxf6 19. dxc6 bxc6 20. Rad1 Rb8 21. b3 Rb6 22. f4 Ke7 23. Rfe1 Rd8 24. Rxd8 Kxd8 25. Rd1+ Ke7 26. Rd4 Ba6 27. Kf2 Bxe2 28. Kxe2 Ra6 29. a4 c5 30. Rc4 Kd6 31. Ke3 Rc6 32. c3 a5 33. Kd3 Rb6 34. b4 cxb4 35. cxb4 axb4 36. Kc2 e5 37. Kb3 h5 38. h4 f6 39. fxe5+ fxe5 40. Rxb4 Ra6 41. Kc3 Kd5 42. Kd3 Rf6 43. Rb5+ 1-0

[Event "Quebec-ch classe U2000"]
[Site "Montreal CAN"]
[Date "2013.01.19"]
[Round "2"]
[White "Pregent, Daniel"]
[Black "Leung, Chin"]
[Result "1-0"]
[WhiteElo "1764"]
[BlackElo "1736"]
[PlyCount "85"]
[GameId "2160767909382004"]
[EventDate "2013.01.18"]
[EventType "swiss"]
[EventRounds "5"]
[EventCountry "CAN"]
[SourceTitle "hb 2013"]

1. d4 Nf6 2. Nf3 g6 3. c4 Bg7 4. Nc3 O-O 5. e4 d6 6. h3 e5 7. d5 a5 8. Bg5 h6 9. Be3 Na6 10. g4 Nxe4 11. Nxe4 f5 12. gxf5 gxf5 13. Nc3 f4 14. Qd2 fxe3 15. Qxe3 Qf6 16. Be2 Nb4 17. Ne4 Qg6 18. Kd2 Rf4 19. Rag1 Qxe4 20. Qxe4 Rxe4 21. a3 Na6 22. Rg3 Rf4 23. Rhg1 Rf7 24. Ke3 Nc5 25. Nh4 Nb3 26. Bh5 Re7 27. Ng6 Rd7 28. Bg4 Rf7 29. Be6 Nd4 30. Ne7+ Kf8 31. Nxc8 h5 32. Rg6 Rf3+ 33. Kd2 Nxe6 34. dxe6 Rxc8 35. Rxg7 Ke8 36. Rd7 Rxf2+ 37. Ke3 Rf6 38. Rg8+ Rf8 39. Rgg7 Rf6 40. Rg8+ Rf8 41. Rgg7 Rf6 42. Rge7+ Kf8 43. Rh7 1-0

[Event "Quebec-ch classe U2000"]
[Site "Montreal CAN"]
[Date "2013.01.19"]
[Round "2"]
[White "Sun, Mike"]
[Black "Gunapalan, David"]
[Result "1-0"]
[WhiteElo "1801"]
[BlackElo "1886"]
[PlyCount "101"]
[GameId "2160767909382005"]
[EventDate "2013.01.18"]
[EventType "swiss"]
[EventRounds "5"]
[EventCountry "CAN"]
[SourceTitle "hb 2013"]

1. e4 e5 2. Nf3 Nc6 3. Bb5 a6 4. Bxc6 bxc6 5. Nc3 Nf6 6. d4 exd4 7. Qxd4 Bb7 8. Bg5 Be7 9. O-O O-O 10. Rad1 d6 11. e5 dxe5 12. Qxe5 Bd6 13. Bxf6 gxf6 14. Qh5 c5 15. Nd5 Bxd5 16. Rxd5 Kh8 17. Rfd1 Qe8 18. Qh6 Rg8 19. Qxf6+ Rg7 20. Re1 Qc6 21. Rf5 Re8 22. Rxe8+ Qxe8 23. Rg5 Bf8 24. b3 Qe6 25. Qxe6 fxe6 26. Re5 Rd7 27. Rxe6 Kg7 28. g3 Rd1+ 29. Re1 Rd5 30. Re6 Bd6 31. Kf1 c4 32. Ke2 Ra5 33. a4 cxb3 34. cxb3 Rd5 35. Re4 a5 36. Nd4 Kf6 37. Nb5 Be5 38. Rc4 c5 39. Nc3 Bxc3 40. Rxc3 Rh5 41. h3 Ke6 42. Re3+ Kd5 43. g4 Rh6 44. f4 Kd4 45. f5 c4 46. bxc4 Kxc4 47. g5 Rh5 48. f6 Rxg5 49. f7 Rg2+ 50. Kf3 Rg1 51. Kf2 1-0

[Event "Quebec-ch classe U2000"]
[Site "Montreal CAN"]
[Date "2013.01.19"]
[Round "2"]
[White "Turcotte, Jonathan"]
[Black "Gilbert, Erick"]
[Result "1/2-1/2"]
[WhiteElo "1935"]
[BlackElo "1737"]
[PlyCount "88"]
[GameId "2160767909382006"]
[EventDate "2013.01.18"]
[EventType "swiss"]
[EventRounds "5"]
[EventCountry "CAN"]
[SourceTitle "hb 2013"]

1. d4 Nf6 2. Nf3 e6 3. c4 d5 4. Nc3 Nbd7 5. Bg5 Be7 6. e3 O-O 7. Rc1 c6 8. Bd3 Ne8 9. Bf4 f5 10. h3 Bd6 11. Qc2 Bxf4 12. exf4 Ndf6 13. cxd5 Nxd5 14. Nxd5 exd5 15. O-O Nd6 16. g3 Qf6 17. Ne5 Be6 18. h4 Rae8 19. Kg2 Bc8 20. b4 a6 21. a4 Be6 22. f3 Rc8 23. Qc5 Qd8 24. Rfe1 Rf6 25. Rc2 Kh8 26. Rce2 Bg8 27. Rc2 Be6 28. Rec1 Rf8 29. Qc3 Rf6 30. Qb2 Rf8 31. Rc5 Nf7 32. b5 Nxe5 33. fxe5 axb5 34. axb5 Bd7 35. f4 Qb6 36. Qc2 g6 37. bxc6 bxc6 38. h5 Rfe8 39. Rh1 Kg7 40. g4 Qb4 41. gxf5 gxf5 42. Bxf5 Bxf5 43. Qxf5 Qd2+ 44. Kh3 Qe3+ 1/2-1/2